000 00357 a2200169 4500
001 71392
020 _a
040 _cAnchieta - Colégio São Paulo
100 _aBernardinho, Adriana
240 1 0 _aO destino de Pan
_lpor
245 1 0 _aO destino de Pan
300 _a21
362 0 _a0
440 1 _aFTD
650 4 _aLiteratura juvenil
942 _cBK
999 _c71392
_d71392